[Event "DM G5-2 Grp1 2024"]
[Site "Svendborg"]
[Date "2024.03.28"]
[Round "1"]
[White "Jepsen, Thomas Tange"]
[Black "Hansen, Erik"]
[Result "1-0"]
[WhiteElo "2013"]
[BlackElo "1811"]
[PlyCount "67"]
[WhiteFideId "1405357"]
[BlackFideId "1413503"]
[EventDate "2024.03.28"]
[EventType "swiss"]
[EventRounds "5"]
[EventCountry "DEN"]
[SourceTitle "Live v. Kasper Jerwiarz"]

1. e4 c5 2. Nf3 Nc6 3. d4 cxd4 4. Nxd4 Nf6 5. Nc3 a6 
6. Be2 e5 7. Nb3 Be7 8. O-O O-O 9. Be3 b5 10. Nd5 d6 
11. Bf3 Be6 12. Qd2 Bxd5 13. exd5 e4 14. dxc6 exf3 15. gxf3 Qc7 
16. Nd4 Nd5 17. Rac1 Bf6 18. c4 Nxe3 19. fxe3 bxc4 20. Rxc4 Rfe8 
21. b3 d5 22. Rc3 Re5 23. Kh1 Rae8 24. b4 Rh5 25. f4 Re4 
26. a4 Bxd4 27. exd4 Rf5 28. b5 axb5 29. axb5 Re8 30. Re3 Rb8 
31. Qe1 h6 32. Re8+ Rxe8 33. Qxe8+ Kh7 34. Qd7 1-0

[Event "DM G5-2 Grp1 2024"]
[Site "Svendborg"]
[Date "2024.03.28"]
[Round "1"]
[White "Poulsen, Albert Damgaard"]
[Black "Hvid, Jorn Christensen"]
[Result "0-1"]
[WhiteElo "1707"]
[BlackElo "1985"]
[PlyCount "62"]
[WhiteFideId "1478613"]
[BlackFideId "1415964"]
[EventDate "2024.03.28"]
[EventType "swiss"]
[EventRounds "5"]
[EventCountry "DEN"]
[SourceTitle "Live v. Kasper Jerwiarz"]

1. d4 d6 2. e4 Nf6 3. Nc3 g6 4. f4 Bg7 5. Nf3 c6 
6. Bd3 O-O 7. O-O Qb6 8. e5 dxe5 9. fxe5 Nd5 10. Kh1 Bg4 
11. Nxd5 cxd5 12. c3 f6 13. exf6 Bxf6 14. Qe1 Nd7 15. Qg3 Bxf3 
16. Rxf3 e5 17. Rxf6 Qxf6 18. Bh6 Rf7 19. h4 e4 20. Bb5 Qe6 
21. h5 Kh8 22. Bxd7 Qxd7 23. hxg6 hxg6 24. Bf4 Qf5 25. Rf1 Kg8 
26. Kg1 Raf8 27. Rf2 Qh5 28. Qe3 g5 29. g4 Qxg4+ 30. Rg2 Qxf4 
31. Rxg5+ Rg7 0-1

[Event "DM G5-2 Grp1 2024"]
[Site "Svendborg"]
[Date "2024.03.28"]
[Round "1"]
[White "Lauritsen, Niels"]
[Black "Reiths, Henning"]
[Result "1-0"]
[WhiteElo "1973"]
[BlackElo "1825"]
[PlyCount "73"]
[WhiteFideId "1404474"]
[BlackFideId "1410431"]
[EventDate "2024.03.28"]
[EventType "swiss"]
[EventRounds "5"]
[EventCountry "DEN"]
[SourceTitle "Live v. Kasper Jerwiarz"]

1. Nc3 f5 2. e4 d6 3. d4 g6 4. Nf3 Bg7 5. Bd3 Nf6 
6. Bg5 Nxe4 7. Nxe4 fxe4 8. Bxe4 Nc6 9. c3 O-O 10. O-O Qe8 
11. Re1 Qf7 12. Bxc6 bxc6 13. Rxe7 Qd5 14. Qb3 Bg4 15. Rxc7 Rxf3 
16. Qxd5+ cxd5 17. gxf3 Bxf3 18. Rd7 Rb8 19. Rd8+ Rxd8 20. Bxd8 Kf7 
21. Re1 Bf8 22. Bg5 h6 23. Bf4 g5 24. Bg3 h5 25. h4 g4 
26. b3 Be7 27. c4 Bf6 28. cxd5 Bxd5 29. Bxd6 Bxh4 30. Re5 Bf3 
31. Rxh5 Bf6 32. Be5 Kg6 33. Rh2 Be7 34. Rh8 a5 35. Rb8 Ba3 
36. Rb6+ Kf5 37. Rb5 1-0

[Event "DM G5-2 Grp1 2024"]
[Site "Svendborg"]
[Date "2024.03.28"]
[Round "1"]
[White "Andersen, Per"]
[Black "Agger, Lars Breinholt"]
[Result "0-1"]
[WhiteElo "1724"]
[BlackElo "1872"]
[PlyCount "60"]
[WhiteFideId "1445081"]
[BlackFideId "1413058"]
[EventDate "2024.03.28"]
[EventType "swiss"]
[EventRounds "5"]
[EventCountry "DEN"]
[SourceTitle "Live v. Kasper Jerwiarz"]

1. d4 Nf6 2. c4 g6 3. Nc3 d5 4. cxd5 Nxd5 5. e4 Nxc3 
6. bxc3 Bg7 7. Bc4 c5 8. Ne2 Nc6 9. Be3 O-O 10. O-O cxd4 
11. cxd4 b6 12. Bd5 Bb7 13. Rc1 Rc8 14. Qa4 Qd7 15. f3 e6 
16. Bxc6 Bxc6 17. Qb4 Bb5 18. Rxc8 Rxc8 19. Re1 Rc4 20. Qd2 Bf8 
21. Rb1 a5 22. Bf2 Bb4 23. Qb2 Ba4 24. Rc1 Qc6 25. Rxc4 Qxc4 
26. Be3 b5 27. Kf2 Bd1 28. g3 a4 29. Ng1 a3 30. Qb1 Bc2 
0-1

[Event "DM G5-2 Grp1 2024"]
[Site "Svendborg"]
[Date "2024.03.28"]
[Round "1"]
[White "Svendsen, Peter Willer"]
[Black "Rynkjob, Bastian"]
[Result "0-1"]
[WhiteElo "1898"]
[BlackElo "1681"]
[PlyCount "56"]
[WhiteFideId "1405250"]
[BlackFideId "1473557"]
[EventDate "2024.03.28"]
[EventType "swiss"]
[EventRounds "5"]
[EventCountry "DEN"]
[SourceTitle "Live v. Kasper Jerwiarz"]

1. e4 c5 2. Nf3 Nc6 3. Bb5 g6 4. O-O Bg7 5. c3 e5 
6. Re1 Nge7 7. a4 a6 8. Bc4 Na5 9. Bf1 O-O 10. d4 d6 
11. Be3 b6 12. Nbd2 Bg4 13. h3 cxd4 14. cxd4 exd4 15. Bf4 Bxf3 
16. Nxf3 d3 17. Qxd3 Bxb2 18. Rad1 Nc8 19. e5 d5 20. Re2 Nc4 
21. Qxc4 dxc4 22. Rxd8 Rxd8 23. Rxb2 Rd1 24. g3 Ne7 25. Kg2 Rc8 
26. Rxb6 c3 27. Bxa6 Rcd8 28. Rb7 Nd5 0-1

[Event "DM G5-2 Grp1 2024"]
[Site "Svendborg"]
[Date "2024.03.28"]
[Round "1"]
[White "Rasmussen, Morten Fredsgaard"]
[Black "Jensen, Johannes Frank"]
[Result "1/2-1/2"]
[WhiteElo "1881"]
[BlackElo "1694"]
[PlyCount "163"]
[WhiteFideId "1410636"]
[BlackFideId "1457942"]
[EventDate "2024.03.28"]
[EventType "swiss"]
[EventRounds "5"]
[EventCountry "DEN"]
[SourceTitle "Live v. Kasper Jerwiarz"]

1. e4 d5 2. exd5 Qxd5 3. Nc3 Qd8 4. d4 Nf6 5. Bf4 c6 
6. Nf3 Bg4 7. Be2 Nbd7 8. h3 Bh5 9. O-O e6 10. Re1 Bb4 
11. Ne5 Bxe2 12. Rxe2 Nxe5 13. Bxe5 Nd5 14. Nxd5 Qxd5 15. Bxg7 Rg8 
16. Re5 Qd7 17. Bf6 Rg6 18. Qf3 Be7 19. Bxe7 Qxe7 20. Rae1 O-O-O 
21. d5 Rf6 22. Qc3 Rd6 23. Qa3 Qd7 24. dxc6 bxc6 25. Ra5 Rd1 
26. Qf8+ Kb7 27. Rxd1 Qxd1+ 28. Kh2 Qd4 29. Qe7+ Kc8 30. Qxa7 Qf4+ 
31. g3 Qxf2+ 32. Qxf2 Rxf2+ 33. Kg1 Rxc2 34. Ra8+ Kd7 35. Ra7+ Ke8 
36. Rb7 Kf8 37. a4 Rc5 38. Kf2 Ra5 39. Rb4 c5 40. Rb8+ Kg7 
41. b3 c4 42. bxc4 Rxa4 43. c5 Ra7 44. Rc8 Kf6 45. c6 Ke7 
46. c7 Kd7 47. Rf8 Rxc7 48. Rxf7+ Kd6 49. Rxc7 Kxc7 50. Kf3 Kd6 
51. Ke4 e5 52. g4 Ke6 53. g5 h6 54. h4 h5 55. Ke3 Kf5 
56. Kf3 e4+ 57. Ke3 Ke5 58. Ke2 Kf5 59. Kf2 Ke5 60. Ke3 Kf5 
61. Kd4 Kf4 62. g6 e3 63. g7 e2 64. g8=Q e1=Q 65. Qg5+ Kf3 
66. Qxh5+ Kg3 67. Qg5+ Kh3 68. h5 Qb4+ 69. Ke5 Qc5+ 70. Kf6 Qf8+ 
71. Ke6 Qe8+ 72. Kd6 Qb8+ 73. Ke7 Qc7+ 74. Kf8 Qd6+ 75. Kg7 Qd7+ 
76. Kh6 Qd6+ 77. Qg6 Qf8+ 78. Kg5 Qe7+ 79. Qf6 Qe3+ 80. Kg6 Qg3+ 
81. Kf7 Qc7+ 82. Kg6 1/2-1/2

[Event "DM G5-2 Grp1 2024"]
[Site "Svendborg"]
[Date "2024.03.28"]
[Round "1"]
[White "Dithlevsen, Birgit"]
[Black "Skytte, Robert"]
[Result "0-1"]
[WhiteElo "1668"]
[BlackElo "1744"]
[PlyCount "36"]
[WhiteFideId "1413201"]
[BlackFideId "1471775"]
[EventDate "2024.03.28"]
[EventType "swiss"]
[EventRounds "5"]
[EventCountry "DEN"]
[SourceTitle "Live v. Kasper Jerwiarz"]

1. e4 c5 2. Nc3 Nc6 3. Nf3 g6 4. Bc4 Bg7 5. O-O e5 
6. d3 Nge7 7. Bg5 h6 8. Bxe7 Qxe7 9. Nd5 Qd8 10. a3 d6 
11. c3 g5 12. h3 g4 13. hxg4 Bxg4 14. Ne3 h5 15. Nxg4 hxg4 
16. g3 gxf3 17. Qxf3 Qf6 18. Kg2 Rh2+ 0-1

[Event "DM G5-2 Grp1 2024"]
[Site "Svendborg"]
[Date "2024.03.29"]
[Round "2"]
[White "Agger, Lars Breinholt"]
[Black "Jepsen, Thomas Tange"]
[Result "1/2-1/2"]
[WhiteElo "1872"]
[BlackElo "2013"]
[PlyCount "89"]
[WhiteFideId "1413058"]
[BlackFideId "1405357"]
[EventDate "2024.03.28"]
[EventType "swiss"]
[EventRounds "5"]
[EventCountry "DEN"]
[SourceTitle "Live v. Kasper Jerwiarz"]

1. e4 e5 2. Nf3 Nc6 3. Bb5 a6 4. Ba4 Nf6 5. O-O b5 
6. Bb3 Be7 7. Re1 d6 8. c3 O-O 9. h3 Na5 10. Bc2 c5 
11. d4 Qc7 12. d5 c4 13. Nbd2 Nb7 14. Nf1 Nc5 15. g4 Ne8 
16. Ng3 g6 17. Bh6 Ng7 18. Kg2 Bd7 19. g5 f6 20. gxf6 Rxf6 
21. Ng5 Rff8 22. h4 Qc8 23. f3 Bxg5 24. Bxg5 Qe8 25. Rf1 Nh5 
26. Nxh5 gxh5 27. Rg1 Kh8 28. Qe2 Rg8 29. Kh2 Qf7 30. Rg3 Rg6 
31. Rag1 h6 32. Be3 Rxg3 33. Rxg3 Qf6 34. Qg2 Qxh4+ 35. Kg1 Qxg3 
36. Qxg3 Rg8 37. Qxg8+ Kxg8 38. Bxh6 Kf7 39. Kf2 Bh3 40. Be3 Nd3+ 
41. Bxd3 cxd3 42. f4 exf4 43. Bxf4 Ke7 44. Ke3 Bf1 45. Kd2 1/2-1/2

[Event "DM G5-2 Grp1 2024"]
[Site "Svendborg"]
[Date "2024.03.29"]
[Round "2"]
[White "Hvid, Jorn Christensen"]
[Black "Horslund, Mikael"]
[Result "1-0"]
[WhiteElo "1985"]
[BlackElo "1839"]
[PlyCount "69"]
[WhiteFideId "1415964"]
[BlackFideId "1421042"]
[EventDate "2024.03.28"]
[EventType "swiss"]
[EventRounds "5"]
[EventCountry "DEN"]
[SourceTitle "Live v. Kasper Jerwiarz"]

1. d4 d6 2. Nf3 Nf6 3. c4 g6 4. Nc3 Bg7 5. e4 O-O 
6. Be2 Nc6 7. h3 a5 8. Be3 Ne8 9. Qd2 e5 10. d5 Ne7 
11. Bh6 b6 12. h4 f6 13. O-O-O Kf7 14. Nh2 Rh8 15. h5 Bxh6 
16. Qxh6 g5 17. Bg4 Bxg4 18. Nxg4 Ng8 19. g3 Nxh6 20. Nxh6+ Ke7 
21. f4 gxf4 22. gxf4 Ng7 23. fxe5 fxe5 24. Rdg1 Nxh5 25. Rxh5 Qf8 
26. Nf5+ Kd8 27. Rg7 Kc8 28. Nb5 Kb7 29. Rxc7+ Kb8 30. Rc6 Ra7 
31. Rxb6+ Rb7 32. Rxd6 Rxb5 33. cxb5 Qc8+ 34. Rc6 Qf8 35. Rhh6 1-0

[Event "DM G5-2 Grp1 2024"]
[Site "Svendborg"]
[Date "2024.03.29"]
[Round "2"]
[White "Skytte, Robert"]
[Black "Lauritsen, Niels"]
[Result "1/2-1/2"]
[WhiteElo "1744"]
[BlackElo "1973"]
[PlyCount "29"]
[WhiteFideId "1471775"]
[BlackFideId "1404474"]
[EventDate "2024.03.28"]
[EventType "swiss"]
[EventRounds "5"]
[EventCountry "DEN"]
[SourceTitle "Live v. Kasper Jerwiarz"]

1. e4 Nc6 2. d4 d5 3. e5 f6 4. f4 Nh6 5. c3 Bf5 
6. Nf3 e6 7. Be3 Be7 8. Nbd2 Be4 9. Be2 f5 10. Qb3 Rb8 
11. a3 O-O 12. Ng5 Bxg5 13. fxg5 Nf7 14. Nxe4 fxe4 15. h4 1/2-1/2

[Event "DM G5-2 Grp1 2024"]
[Site "Svendborg"]
[Date "2024.03.29"]
[Round "2"]
[White "Rynkjob, Bastian"]
[Black "Rasmussen, Morten Fredsgaard"]
[Result "1/2-1/2"]
[WhiteElo "1681"]
[BlackElo "1881"]
[PlyCount "66"]
[WhiteFideId "1473557"]
[BlackFideId "1410636"]
[EventDate "2024.03.28"]
[EventType "swiss"]
[EventRounds "5"]
[EventCountry "DEN"]
[SourceTitle "Live v. Kasper Jerwiarz"]

1. e4 c6 2. d4 d5 3. Nc3 dxe4 4. Nxe4 Bf5 5. Ng3 Bg6 
6. h4 h6 7. Nf3 Nd7 8. h5 Bh7 9. Bd3 Bxd3 10. Qxd3 e6 
11. Bd2 Ngf6 12. O-O-O Qc7 13. Ne4 Nxe4 14. Qxe4 Nf6 15. Qe2 O-O-O 
16. g3 Bd6 17. Kb1 Rd7 18. c4 c5 19. Ne5 Re7 20. Bf4 Rd8 
21. dxc5 Bxe5 22. Rxd8+ Kxd8 23. Qxe5 Qxe5 24. Bxe5 Ng4 25. Bxg7 f6 
26. f3 Rxg7 27. fxg4 Rxg4 28. Rd1+ Kc7 29. Rd6 Rxc4 30. Rxe6 Rxc5 
31. Rxf6 Rxh5 32. Rg6 Rh2 33. g4 Rh1+ 1/2-1/2

[Event "DM G5-2 Grp1 2024"]
[Site "Svendborg"]
[Date "2024.03.29"]
[Round "2"]
[White "Jensen, Johannes Frank"]
[Black "Svendsen, Peter Willer"]
[Result "0-1"]
[WhiteElo "1694"]
[BlackElo "1898"]
[PlyCount "58"]
[WhiteFideId "1457942"]
[BlackFideId "1405250"]
[EventDate "2024.03.28"]
[EventType "swiss"]
[EventRounds "5"]
[EventCountry "DEN"]
[SourceTitle "Live v. Kasper Jerwiarz"]

1. d4 d5 2. g3 Nf6 3. Bg2 Bf5 4. c4 c6 5. c5 Nbd7 
6. Nf3 e5 7. Nxe5 Nxe5 8. dxe5 Nd7 9. b4 a5 10. bxa5 Qxa5+ 
11. Nd2 Qc3 12. O-O Qxa1 13. Qb3 Nxc5 14. Qe3 Qxa2 15. Qf4 Bg6 
16. e4 Ne6 17. Qg4 Be7 18. exd5 cxd5 19. Nf3 O-O 20. Bg5 Bxg5 
21. Nxg5 Nxg5 22. Qxg5 Rad8 23. Qe7 Qb2 24. e6 fxe6 25. Qxe6+ Kh8 
26. Rd1 Qxf2+ 27. Kh1 Be4 28. Qh3 Qf1+ 29. Rxf1 Rxf1# 0-1

[Event "DM G5-2 Grp1 2024"]
[Site "Svendborg"]
[Date "2024.03.29"]
[Round "2"]
[White "Hansen, Erik"]
[Black "Andersen, Per"]
[Result "1-0"]
[WhiteElo "1811"]
[BlackElo "1724"]
[PlyCount "97"]
[WhiteFideId "1413503"]
[BlackFideId "1445081"]
[EventDate "2024.03.28"]
[EventType "swiss"]
[EventRounds "5"]
[EventCountry "DEN"]
[SourceTitle "Live v. Kasper Jerwiarz"]

1. e4 c5 2. Nf3 d6 3. Bc4 Nf6 4. Nc3 g6 5. e5 dxe5 
6. Nxe5 e6 7. d3 Bg7 8. O-O O-O 9. Bg5 Nbd7 10. Nxd7 Qxd7 
11. Qf3 Ne8 12. Bb5 Qc7 13. Bf4 Qe7 14. Ne4 e5 15. Bg5 f6 
16. Be3 Rf7 17. Nxc5 Nd6 18. Ba4 Kh8 19. Bb3 Rf8 20. Ne4 Nxe4 
21. Qxe4 Bf5 22. Qd5 b6 23. Qf3 Rac8 24. Rfe1 Be6 25. Bxe6 Qxe6 
26. c3 f5 27. d4 e4 28. Qg3 Qd5 29. Bf4 Rfe8 30. Qe3 Qc6 
31. Rac1 b5 32. d5 Qxd5 33. Qxa7 Ra8 34. Qe3 Rxa2 35. Rcd1 Qc4 
36. Rd2 Rea8 37. h4 b4 38. cxb4 Qxb4 39. Bd6 Qb5 40. Ba3 h5 
41. Red1 Kh7 42. Rd7 Rg8 43. g3 Qa4 44. Qd2 Rc8 45. Qd5 Qc4 
46. Qxc4 Rxc4 47. Bf8 Rxb2 48. Bxg7 Rbc2 49. Bf8+ 1-0

[Event "DM G5-2 Grp1 2024"]
[Site "Svendborg"]
[Date "2024.03.29"]
[Round "2"]
[White "Larsen, Rune Damgaard"]
[Black "Poulsen, Albert Damgaard"]
[Result "1/2-1/2"]
[WhiteElo "1733"]
[BlackElo "1707"]
[PlyCount "78"]
[WhiteFideId "1475681"]
[BlackFideId "1478613"]
[EventDate "2024.03.28"]
[EventType "swiss"]
[EventRounds "5"]
[EventCountry "DEN"]
[SourceTitle "Live v. Kasper Jerwiarz"]

1. Nf3 d5 2. g3 Nf6 3. Bg2 c5 4. O-O e6 5. d3 Be7 
6. Nbd2 O-O 7. e4 Nc6 8. b3 a5 9. Bb2 a4 10. a3 Qc7 
11. Re1 d4 12. Re2 e5 13. h3 b5 14. Kh2 Nd7 15. Ng1 Nb6 
16. f3 Be6 17. Rf2 Bg5 18. h4 Be3 19. Re2 Bxd2 20. Rxd2 axb3 
21. cxb3 c4 22. bxc4 bxc4 23. Bc1 c3 24. Rc2 Bb3 25. f4 f6 
26. Nf3 Qd6 27. Bh3 Nb4 28. Ne1 Nxc2 29. Nxc2 Na4 30. Rb1 Rfb8 
31. fxe5 fxe5 32. Rxb3 Rxb3 33. Nxd4 Rbb8 34. Ne6 Rb2+ 35. Bxb2 cxb2 
36. Bf5 Rf8 37. Nxf8 Qxf8 38. Qb3+ Kh8 39. Kg2 Qd8 1/2-1/2

[Event "DM G5-2 Grp1 2024"]
[Site "Svendborg"]
[Date "2024.03.29"]
[Round "2"]
[White "Reiths, Henning"]
[Black "Dithlevsen, Birgit"]
[Result "1/2-1/2"]
[WhiteElo "1825"]
[BlackElo "1668"]
[PlyCount "101"]
[WhiteFideId "1410431"]
[BlackFideId "1413201"]
[EventDate "2024.03.28"]
[EventType "swiss"]
[EventRounds "5"]
[EventCountry "DEN"]
[SourceTitle "Live v. Kasper Jerwiarz"]

1. d4 d5 2. Bg5 Qd6 3. Nc3 e6 4. e4 Be7 5. e5 Qb4 
6. a3 Qa5 7. Bd2 c6 8. f4 Qb6 9. Nf3 Nh6 10. Bd3 Nf5 
11. Na4 Qc7 12. b4 f6 13. O-O Nd7 14. g4 Nh6 15. h3 Nf7 
16. Qe2 b5 17. Nc5 Nxc5 18. bxc5 Bd7 19. a4 O-O 20. axb5 cxb5 
21. Bxb5 Bxb5 22. Qxb5 Rfb8 23. Qa6 Nd8 24. Ba5 Qc6 25. Bxd8 Qxa6 
26. Rxa6 Bxd8 27. Rfa1 Rb7 28. Ne1 Re7 29. Nd3 Kf7 30. Nb4 Rc7 
31. Nc6 Be7 32. Nxa7 g5 33. Nc6 Rxa6 34. Rxa6 gxf4 35. Kf2 fxe5 
36. Nxe5+ Kf6 37. Kf3 Bxc5 38. Rc6 Rxc6 39. Nxc6 Bd6 40. h4 h6 
41. Na7 e5 42. dxe5+ Bxe5 43. Nc6 Bc7 44. Nd4 Ke5 45. Ne2 Bd8 
46. Nxf4 d4 47. h5 Bg5 48. Ne2 Bd2 49. Ng3 Bc1 50. Ne4 Ke6 
51. Nc5+ 1/2-1/2

[Event "DM G5-2 Grp1 2024"]
[Site "Svendborg"]
[Date "2024.03.30"]
[Round "3"]
[White "Jepsen, Thomas Tange"]
[Black "Hvid, Jorn Christensen"]
[Result "1-0"]
[WhiteElo "2013"]
[BlackElo "1985"]
[PlyCount "49"]
[WhiteFideId "1405357"]
[BlackFideId "1415964"]
[EventDate "2024.03.28"]
[EventType "swiss"]
[EventRounds "5"]
[EventCountry "DEN"]
[SourceTitle "Live v. Kasper Jerwiarz"]

1. d4 f5 2. Bf4 e6 3. e3 d5 4. Nf3 Nf6 5. c4 Bd6 
6. Nc3 c6 7. Bd3 O-O 8. O-O Bxf4 9. exf4 Ne4 10. Qc2 a5 
11. c5 Nxc3 12. Qxc3 b5 13. cxb6 Qxb6 14. Rac1 Ba6 15. Bxa6 Rxa6 
16. Rfe1 Re8 17. Ng5 c5 18. Qxc5 h6 19. Rxe6 Qxe6 20. Nxe6 Rc6 
21. Qxc6 Nxc6 22. Rxc6 Kf7 23. Kf1 Rxe6 24. Rxe6 Kxe6 25. Ke2 1-0

[Event "DM G5-2 Grp1 2024"]
[Site "Svendborg"]
[Date "2024.03.30"]
[Round "3"]
[White "Lauritsen, Niels"]
[Black "Rynkjob, Bastian"]
[Result "1/2-1/2"]
[WhiteElo "1973"]
[BlackElo "1681"]
[PlyCount "43"]
[WhiteFideId "1404474"]
[BlackFideId "1473557"]
[EventDate "2024.03.28"]
[EventType "swiss"]
[EventRounds "5"]
[EventCountry "DEN"]
[SourceTitle "Live v. Kasper Jerwiarz"]

1. e4 c5 2. Nc3 Nc6 3. g3 g6 4. Bg2 Bg7 5. d3 e6 
6. Nge2 Nge7 7. O-O O-O 8. Be3 d6 9. Qd2 Rb8 10. Bh6 b5 
11. Bxg7 Kxg7 12. f4 b4 13. Nd1 a5 14. Ne3 h5 15. f5 Ng8 
16. Nf4 Ne5 17. Nc4 exf5 18. exf5 Bxf5 19. Nxh5+ Kh7 20. Nf4 Nf6 
21. Ne3 Bg4 22. Nfd5 1/2-1/2

[Event "DM G5-2 Grp1 2024"]
[Site "Svendborg"]
[Date "2024.03.30"]
[Round "3"]
[White "Skytte, Robert"]
[Black "Agger, Lars Breinholt"]
[Result "0-1"]
[WhiteElo "1744"]
[BlackElo "1872"]
[PlyCount "60"]
[WhiteFideId "1471775"]
[BlackFideId "1413058"]
[EventDate "2024.03.28"]
[EventType "swiss"]
[EventRounds "5"]
[EventCountry "DEN"]
[SourceTitle "Live v. Kasper Jerwiarz"]

1. e4 d5 2. exd5 Qxd5 3. Nc3 Qa5 4. d4 c6 5. Bc4 Nf6 
6. Nf3 Bg4 7. O-O e6 8. Be2 Bd6 9. Bd2 Qc7 10. Ne5 Bxe2 
11. Qxe2 Nbd7 12. Bf4 a6 13. Nxd7 Qxd7 14. Bxd6 Qxd6 15. Qd3 O-O-O 
16. Rad1 h5 17. Na4 h4 18. Nb6+ Kb8 19. Nc4 Qc7 20. Ne5 Nd5 
21. g3 g5 22. c4 Nb6 23. Qb3 f6 24. Nf7 Qxf7 25. Qxb6 hxg3 
26. fxg3 f5 27. Rd3 Qh5 28. Rf2 f4 29. Rb3 Qd1+ 30. Kg2 Rxh2+ 
0-1

[Event "DM G5-2 Grp1 2024"]
[Site "Svendborg"]
[Date "2024.03.30"]
[Round "3"]
[White "Svendsen, Peter Willer"]
[Black "Rasmussen, Morten Fredsgaard"]
[Result "1/2-1/2"]
[WhiteElo "1898"]
[BlackElo "1881"]
[PlyCount "47"]
[WhiteFideId "1405250"]
[BlackFideId "1410636"]
[EventDate "2024.03.28"]
[EventType "swiss"]
[EventRounds "5"]
[EventCountry "DEN"]
[SourceTitle "Live v. Kasper Jerwiarz"]

1. e4 c6 2. d4 d5 3. Nc3 dxe4 4. Nxe4 Bf5 5. Ng3 Bg6 
6. Nf3 Nd7 7. Bc4 e6 8. O-O Ngf6 9. Re1 Be7 10. Bg5 O-O 
11. Bb3 Nd5 12. Bxe7 Nxe7 13. Qd2 Qc7 14. Rad1 Rad8 15. Qg5 Nd5 
16. Ne4 N7f6 17. Nxf6+ gxf6 18. Qh4 Qf4 19. Bxd5 Qxh4 20. Nxh4 Rxd5 
21. Nxg6 hxg6 22. Rd3 Rfd8 23. Red1 Kf8 24. Kf1 1/2-1/2

[Event "DM G5-2 Grp1 2024"]
[Site "Svendborg"]
[Date "2024.03.30"]
[Round "3"]
[White "Horslund, Mikael"]
[Black "Hansen, Erik"]
[Result "0-1"]
[WhiteElo "1839"]
[BlackElo "1811"]
[PlyCount "128"]
[WhiteFideId "1421042"]
[BlackFideId "1413503"]
[EventDate "2024.03.28"]
[EventType "swiss"]
[EventRounds "5"]
[EventCountry "DEN"]
[SourceTitle "Live v. Kasper Jerwiarz"]

1. c4 e6 2. g3 Nf6 3. Bg2 d5 4. d4 c6 5. Nf3 Be7 
6. O-O O-O 7. Nc3 Nbd7 8. b3 b6 9. Bb2 Bb7 10. Rc1 h6 
11. Qc2 Rc8 12. Qb1 Re8 13. Rfd1 Bb4 14. a3 Bxc3 15. Bxc3 Ne4 
16. Bb2 f5 17. Ne1 Qg5 18. Nd3 Ndf6 19. Rc2 Ng4 20. Bc1 Qh5 
21. h3 Ngf6 22. Bf4 g5 23. Be5 Qg6 24. f3 Nxg3 25. Bxg3 f4 
26. Ne5 Qg7 27. Be1 Nd7 28. Nxd7 Qxd7 29. Rcc1 Qf7 30. Qb2 Qf5 
31. Bc3 Ba6 32. Bb4 c5 33. dxc5 bxc5 34. Be1 d4 35. Qc2 Qf6 
36. Kh2 e5 37. Bf2 Bb7 38. b4 cxb4 39. axb4 Ba6 40. Qd3 h5 
41. b5 Bb7 42. c5 Bd5 43. Qa3 g4 44. fxg4 Bxg2 45. Kxg2 hxg4 
46. hxg4 Qg5 47. Rg1 Rc7 48. Kf1 Rf7 49. b6 axb6 50. cxb6 f3 
51. exf3 e4 52. Rc5 Qe7 53. fxe4 Rxf2+ 54. Kxf2 Rf8+ 55. Kg3 Qd6+ 
56. e5 Qh6 57. Qa2+ Rf7 58. Qxf7+ Kxf7 59. Rc7+ Ke8 60. Ra1 Qe3+ 
61. Kh4 Qh6+ 62. Kg3 Qe3+ 63. Kg2 Qe4+ 64. Kh3 Qe3+ 0-1

[Event "DM G5-2 Grp1 2024"]
[Site "Svendborg"]
[Date "2024.03.30"]
[Round "3"]
[White "Poulsen, Albert Damgaard"]
[Black "Jensen, Johannes Frank"]
[Result "1-0"]
[WhiteElo "1707"]
[BlackElo "1694"]
[PlyCount "97"]
[WhiteFideId "1478613"]
[BlackFideId "1457942"]
[EventDate "2024.03.28"]
[EventType "swiss"]
[EventRounds "5"]
[EventCountry "DEN"]
[SourceTitle "Live v. Kasper Jerwiarz"]

1. e4 d5 2. exd5 Qxd5 3. Nc3 Qd8 4. d4 Nf6 5. Nf3 c6 
6. Bc4 Bg4 7. Bxf7+ Kxf7 8. Ne5+ Ke8 9. Nxg4 Nbd7 10. Bg5 h6 
11. Nxf6+ Nxf6 12. Bxf6 exf6 13. Qh5+ Kd7 14. O-O-O Qe8 15. Qa5 Qd8 
16. Qf5+ Kc7 17. d5 Qd7 18. d6+ Kc8 19. Qg6 b6 20. Rhe1 Kb7 
21. Ne4 Rd8 22. g4 h5 23. g5 Qg4 24. Kb1 fxg5 25. Nxg5 Rh6 
26. Qf7+ Rd7 27. Qxf8 Rf6 28. Qe8 Rfxd6 29. Rxd6 Rxd6 30. Qe3 Rd5 
31. f4 Ka6 32. a3 g6 33. Qe2+ Qxe2 34. Rxe2 Rd1+ 35. Ka2 Rf1 
36. Ne6 c5 37. Kb3 Rf3+ 38. Kc4 Kb7 39. Kd5 g5 40. fxg5 Rf5+ 
41. Kd6 Rf1 42. g6 Rg1 43. g7 h4 44. Ke7 h3 45. Kf8 Rf1+ 
46. Kg8 Kc6 47. Kh8 Rg1 48. g8=Q Rxg8+ 49. Kxg8 1-0

[Event "DM G5-2 Grp1 2024"]
[Site "Svendborg"]
[Date "2024.03.30"]
[Round "3"]
[White "Dithlevsen, Birgit"]
[Black "Larsen, Rune Damgaard"]
[Result "1/2-1/2"]
[WhiteElo "1668"]
[BlackElo "1733"]
[PlyCount "76"]
[WhiteFideId "1413201"]
[BlackFideId "1475681"]
[EventDate "2024.03.28"]
[EventType "swiss"]
[EventRounds "5"]
[EventCountry "DEN"]
[SourceTitle "Live v. Kasper Jerwiarz"]

1. e4 e6 2. Nf3 d5 3. exd5 exd5 4. d4 Nf6 5. Bg5 h6 
6. Bxf6 Qxf6 7. Be2 c5 8. Ne5 a6 9. O-O Nc6 10. Nxc6 bxc6 
11. c3 cxd4 12. cxd4 Bd6 13. Nc3 O-O 14. g3 Bc7 15. Na4 Bh3 
16. Re1 Ba5 17. Nc3 Bb6 18. Bf1 Bxf1 19. Rxf1 Bxd4 20. Rb1 Bxc3 
21. bxc3 Rab8 22. Qc2 Rfe8 23. Rb3 Rxb3 24. axb3 Qf3 25. b4 Re2 
26. Qa4 Qxc3 27. Qxa6 Rb2 28. Qc8+ Kh7 29. Qf5+ Kg8 30. Qc8+ Kh7 
31. Qf5+ g6 32. Qxf7+ Qg7 33. Qe8 Qf6 34. Qd7+ Kg8 35. Qe8+ Kg7 
36. Qd7+ Kf8 37. Qc8+ Kg7 38. Qd7+ Kf8 1/2-1/2

[Event "DM G5-2 Grp1 2024"]
[Site "Svendborg"]
[Date "2024.03.30"]
[Round "3"]
[White "Andersen, Per"]
[Black "Reiths, Henning"]
[Result "1/2-1/2"]
[WhiteElo "1724"]
[BlackElo "1825"]
[PlyCount "84"]
[WhiteFideId "1445081"]
[BlackFideId "1410431"]
[EventDate "2024.03.28"]
[EventType "swiss"]
[EventRounds "5"]
[EventCountry "DEN"]
[SourceTitle "Live v. Kasper Jerwiarz"]

1. d4 Nf6 2. c4 e6 3. Nc3 Bb4 4. Nf3 b6 5. e3 Bb7 
6. Be2 Ne4 7. Qc2 f5 8. O-O O-O 9. Nxe4 fxe4 10. Nd2 Bxd2 
11. Bxd2 c5 12. dxc5 bxc5 13. Bc3 Na6 14. a3 Nc7 15. Rad1 a5 
16. Qd2 Bc6 17. Bxa5 Qb8 18. Bc3 d5 19. Be5 Qb7 20. Bd6 Rfd8 
21. Bxc5 Ba4 22. Rb1 dxc4 23. Qc1 Nd5 24. Bxc4 Rac8 25. Bxd5 Rxd5 
26. b4 Bb5 27. Rd1 Bd3 28. Ra1 Rf5 29. Rd2 Qf7 30. Qe1 Qg6 
31. a4 Rc6 32. a5 e5 33. Bb6 Rg5 34. g3 Rh5 35. Kh1 Qf5 
36. Qg1 Rch6 37. Qg2 Qf3 38. h4 Rxh4+ 39. gxh4 Rxh4+ 40. Kg1 Rg4 
41. Qxg4 Qxg4+ 42. Kh1 Qh3+ 1/2-1/2